000 00874nam a2200349 a 4500
003 AR-BaBNM
005 20251128204350.0
008 082120s2002 ||||||||||||||000 | spa||
020 _a950-9732-01-X
040 _cAR-BaBNM
100 1 _aAlberdi, Juan Bautista
245 0 0 _aEl gigante Amapolas
260 _aBuenos Aires
_bCoquena Grupo Editor
_c1990
300 _a29 p.
490 0 _aLibros del Quirquincho
500 _aContiene biografĂ­as de los autores
500 _aBanda
650 4 _aLITERATURA ARGENTINA
650 4 _aTEATRO
650 4 _aCULTURA
650 4 _aHUMANIDADES
650 4 _aHUMOR
650 4 _aLITERATURA POPULAR
650 4 _aHISTORIA
651 4 _aArgentina
655 _aLITERATURA
700 1 _aBombini, Gustavo
700 0 _aRep
_eilustrador
800 1 _aBombini, Gustavo
_edirector
942 _cBK
998 _cisola
999 _c7169
_d7169